ROESER'S AUDIOLOGY DESK REFERENCE (Record no. 17976)

MARC details
000 -LEADER
fixed length control field 00308nam a22001457a 4500
003 - CONTROL NUMBER IDENTIFIER
control field SGT
020 ## - INTERNATIONAL STANDARD BOOK NUMBER
International Standard Book Number 978-1-60406-398-1
082 ## - DEWEY DECIMAL CLASSIFICATION NUMBER
Classification number 617.8
Item number R13R
100 ## - MAIN ENTRY--PERSONAL NAME
Personal name ROESER,ROSS J.
245 ## - TITLE STATEMENT
Title ROESER'S AUDIOLOGY DESK REFERENCE
250 ## - EDITION STATEMENT
Edition statement 2ND
260 ## - PUBLICATION, DISTRIBUTION, ETC. (IMPRINT)
Name of publisher, distributor, etc THIEME
Year of Publication 2013
300 ## - PAGE DESCRIPTION
No. of Pages 434
942 ## - ADDED ENTRY ELEMENTS (KOHA)
Source of classification or shelving scheme Dewey Decimal Classification
Koha item type Books
Holdings
Withdrawn status Lost status Source of classification or shelving scheme Damaged status Not for loan Collection code Home library Current library Shelving location Date acquired Vendor Name Cost, normal purchase price SGTU Bill Number Total Checkouts Full call number Accession No. (Barcode) Date last seen Bill Date Koha item type
    Dewey Decimal Classification   Not For Loan MEDICAL SGT Medical Library SGT Medical Library Reference Book 09/05/2019 ABC DELHI 9400.00 SGTU 10*32   617.8 R13R FM11293 03/05/2023 05/04/2019 Books